Religion Quiz

Random Religion or Verse Quiz
Score 0/16 Timer 04:00
0 Plays Today
Question Answer Wrong Answers
And God said, Let there be ___: and there was ___. (Genesis 1:3) Light
95%
Joy
4.1%
Knight
0.9%
Blessed are the poor in spirit: for theirs is the ___ of heaven. (Matthew 5:3) Kingdom
93.6%
Jurisdiction
3.9%
Luxury
1.2%
___ not, that ye be not ___. (Matthew 7:1) Judge(d)
90%
Kill(ed)
1.2%
Lose/lost
2.3%
And thou shalt ___ the Lord thy God with all thy heart, and with all thy soul, and with all thy mind, and with all thy strength… Thou shalt ___ thy neighbour as thyself. There is none other commandment greater than these. (Mark 12:30-31) Love
83%
Justify
4.8%
Keep
7.9%
For God so loved the world, that he gave his only begotten Son, that whosoever believeth in him should not perish, but have everlasting ___. (John 3:16) Life
77.9%
Jubilation
3%
Knowledge
1.6%
For the LORD seeth not as man seeth; for man ___ on the outward appearance, but the LORD ___ on the heart. (1 Samuel 16:7) Looketh
75.5%
Jeereth
2.9%
Kneeleth
3.6%
And out of the ground made the LORD God to grow every tree that is pleasant to the sight, and good for food; the tree of life also in the midst of the garden, and the tree of ___ of good and evil. (Genesis 2:9) Knowledge
75.5%
Juice
2.8%
Life
9.3%
This book of the ___ shall not depart out of thy mouth; but thou shalt meditate therein day and night, that thou mayest observe to do according to all that is written therein… (Joshua 1:8) Law
73.6%
Jews
14.7%
Kindred
3.5%
Thou shalt not make unto thee any graven image…Thou shalt not bow down thyself to them, nor serve them: for I the Lord thy God am a ___ God… (Exodus 20:4-5) Jealous
73%
Kingly
7.5%
Lonely
3.5%
The wolf also shall dwell with the lamb, and the leopard shall lie down with the kid; and the calf and the young lion and the fatling together; and a little child shall ___ them. (Isaiah 11:6) Lead
72.3%
Juxtapose
2.6%
Kill
7.5%
Now he that betrayed him gave them a sign, saying, Whomsoever I shall ___, that same is he: hold him fast. And forthwith he came to Jesus, and said, Hail, master; and ___ him. (Matthew 26:48-49) Kiss(ed)
69.6%
Jolt(ed)
3%
Leave/left
10.3%
The Lord bless thee, and ___ thee: The Lord make his face shine upon thee, and be gracious unto thee: The Lord lift up his countenance upon thee, and give thee peace. (Numbers 6:24-26) Keep
68.2%
Join
4.5%
Love
9.1%
He hath shewed thee, O man, what is good; and what doth the LORD require of thee, but to do ___, and to love mercy, and to walk humbly with thy God? (Micah 6:8) Justly
59.7%
Kindly
17.5%
Lawfully
4.5%
And ye shall hallow the fiftieth year, and proclaim liberty throughout all the land unto all the inhabitants thereof: it shall be a ___ unto you… (Leviticus 25:10) Jubilee
58.8%
Keening
3.7%
Liberation
22.6%
The ___ by judgment establisheth the land: but he that receiveth gifts overthroweth it. (Proverbs 29:4) King
36.7%
Judge
9.7%
Lord
40%
And God said, Ask what I shall give thee. And Solomon said…Give therefore thy servant an understanding heart to ___ thy people… (1 Kings 3:5, 9) Judge
21.1%
Know
22.6%
Lead
46.7%
Remove Ads.
Support Sporcle.
Get the best of Sporcle when you Go Orange. This ad-free experience offers more features, more stats, and more fun while also helping to support Sporcle. Thank you for becoming a member.

You're not logged in!

Compare scores with friends on all Sporcle quizzes.
OR
Log In

Show Comments

Extras

Top Quizzes Today


Score Distribution

Your Account Isn't Verified!

In order to create a playlist on Sporcle, you need to verify the email address you used during registration. Go to your Sporcle Settings to finish the process.

Report this User

Report this user for behavior that violates our Community Guidelines.

Details: